[Event "Shijiazhuang op 2nd"]
[Site "Shijiazhuang"]
[Date "2016.08.17"]
[Round "9"]
[White "Wang, Shixu"]
[Black "Chu, Ruotong"]
[Result "1/2-1/2"]
[WhiteElo "2201"]
[BlackElo "2064"]
[PlyCount "72"]
[EventDate "2016.08.09"]
[EventType "swiss"]
[EventRounds "9"]
[EventCountry "CHN"]
[SourceTitle "CBM 173 Extra"]
[Source "ChessBase"]
[SourceDate "2016.08.29"]
[SourceVersion "1"]
[SourceVersionDate "2016.08.29"]
[SourceQuality "1"]

1. Nf3 Nf6 2. c4 g6 3. Nc3 d5 4. cxd5 Nxd5 5. e4 Nxc3 6. dxc3 Qxd1+ 7. Kxd1 f6 8. Bc4 e5 9. Be3 Nd7 10. Ke2 Bc5 11. Bh6 Bf8 12. Bxf8 Rxf8 13. a4 Nc5 14. Ke3 Be6 15. Bxe6 Nxe6 16. Rhd1 Ke7 17. a5 Rfd8 18. g3 Rxd1 19. Rxd1 Rd8 20. Rxd8 Nxd8 21. Nd2 c5 22. Nc4 Nc6 23. f4 Ke6 24. h3 Ke7 25. Kf3 h5 26. Ke3 Ke6 27. Kf3 g5 28. f5+ Kd7 29. h4 g4+ 30. Ke2 Ne7 31. Kd3 Kc6 32. Na3 Nc8 33. Nc4 Ne7 34. Na3 Nc8 35. Nc4 Ne7 36. Na3 Nc8 1/2-1/2

[Event "Shijiazhuang op 2nd"]
[Site "Shijiazhuang"]
[Date "2016.08.14"]
[Round "6"]
[White "Wang, Shixu"]
[Black "Zhang, Lanlin"]
[Result "1/2-1/2"]
[WhiteElo "2201"]
[BlackElo "2173"]
[PlyCount "86"]
[EventDate "2016.08.09"]
[EventType "swiss"]
[EventRounds "9"]
[EventCountry "CHN"]
[SourceTitle "CBM 173 Extra"]
[Source "ChessBase"]
[SourceDate "2016.08.29"]
[SourceVersion "1"]
[SourceVersionDate "2016.08.29"]
[SourceQuality "1"]

1. d4 d5 2. c4 e6 3. Nc3 Nf6 4. Nf3 Be7 5. Bf4 0-0 6. e3 c5 7. dxc5 Bxc5 8. Bd3 dxc4 9. Bxc4 Qe7 10. 0-0 Nc6 11. Bg5 Rd8 12. Qe2 Qf8 13. Rad1 Be7 14. Rxd8 Bxd8 15. Rd1 a6 16. e4 e5 17. Nd5 Bg4 18. Nxf6+ gxf6 19. Be3 Be7 20. h3 Bh5 21. Bd5 Rc8 22. a3 Bc5 23. b4 Bxe3 24. Qxe3 Qe7 25. g4 Bg6 26. Rc1 Qd7 27. Qb6 Kg7 28. Kg2 h5 29. gxh5 Bxh5 30. Nh4 Bg6 31. Nxg6 fxg6 32. Rc3 f5 33. a4 f4 34. Bxc6 Rxc6 35. Rxc6 bxc6 36. Qxa6 Qd1 37. Qa5 f3+ 38. Kg3 Qg1+ 39. Kxf3 Qh1+ 40. Ke3 Qe1+ 41. Kd3 Qd1+ 42. Ke3 Qe1+ 43. Kf3 Qh1+ 1/2-1/2